<?xml version="1.0" encoding="UTF-8"?>
<record
    xmlns:xsi="http://www.w3.org/2001/XMLSchema-instance"
    xsi:schemaLocation="http://www.loc.gov/MARC21/slim http://www.loc.gov/standards/marcxml/schema/MARC21slim.xsd"
    xmlns="http://www.loc.gov/MARC21/slim">

  <leader>01255nam a22001697a 4500</leader>
  <controlfield tag="008">120227t        xxu||||| |||| 00| 0 eng d</controlfield>
  <datafield tag="020" ind1=" " ind2=" ">
    <subfield code="a">9788184781564</subfield>
  </datafield>
  <datafield tag="050" ind1=" " ind2=" ">
    <subfield code="a">HD31.M11</subfield>
  </datafield>
  <datafield tag="100" ind1=" " ind2=" ">
    <subfield code="a">Madan, Sushila</subfield>
  </datafield>
  <datafield tag="245" ind1=" " ind2=" ">
    <subfield code="a">Taxmann's management information and control systems /</subfield>
    <subfield code="c">Sushila Madan</subfield>
  </datafield>
  <datafield tag="250" ind1=" " ind2=" ">
    <subfield code="a">2nd ed.</subfield>
  </datafield>
  <datafield tag="260" ind1=" " ind2=" ">
    <subfield code="a">New Delhi:</subfield>
    <subfield code="b">Taxmann Allied Service,</subfield>
    <subfield code="c">2007.</subfield>
  </datafield>
  <datafield tag="300" ind1=" " ind2=" ">
    <subfield code="a">various pagings:</subfield>
    <subfield code="b">ill;</subfield>
    <subfield code="c">23cm.</subfield>
  </datafield>
  <datafield tag="505" ind1=" " ind2=" ">
    <subfield code="a">Contents: Basic concepts of systems -- Transaction processing system -- Basic concepts of MIS -- System approach and decision-making -- Decision support and executive information system  -- Enabling technologies -- Systems development process --Systems design -- System's acquisition, software development and testing -- Systems implementation, maintenance and evaluation -- Design of computerised commercial application -- Enterprise resource planning redesigning business -- Controls in EDP setup - general controls -- Controls in EDP set-up: Application controls -- Computer frauds -- Cyber laws and information technology act, 2000 -- Audit of information systems -- Information Security -- Use of simple case tools, analysis of financial statements using digital technology. </subfield>
  </datafield>
  <datafield tag="650" ind1=" " ind2=" ">
    <subfield code="a">Management.</subfield>
  </datafield>
  <datafield tag="942" ind1=" " ind2=" ">
    <subfield code="2">lcc</subfield>
    <subfield code="c">BK</subfield>
  </datafield>
  <datafield tag="999" ind1=" " ind2=" ">
    <subfield code="c">644</subfield>
    <subfield code="d">8144</subfield>
  </datafield>
  <datafield tag="952" ind1=" " ind2=" ">
    <subfield code="0">0</subfield>
    <subfield code="1">0</subfield>
    <subfield code="2">lcc</subfield>
    <subfield code="4">0</subfield>
    <subfield code="7">0</subfield>
    <subfield code="a">WIUC-1</subfield>
    <subfield code="b">WIUC-1</subfield>
    <subfield code="c">GEN</subfield>
    <subfield code="d">2012-03-05</subfield>
    <subfield code="l">0</subfield>
    <subfield code="o">HD31.M11</subfield>
    <subfield code="p">1340/12</subfield>
    <subfield code="r">2012-03-05 00:00:00</subfield>
    <subfield code="t">1</subfield>
    <subfield code="w">2012-03-05</subfield>
    <subfield code="y">BK</subfield>
  </datafield>
  <datafield tag="952" ind1=" " ind2=" ">
    <subfield code="0">0</subfield>
    <subfield code="1">0</subfield>
    <subfield code="2">lcc</subfield>
    <subfield code="4">0</subfield>
    <subfield code="7">0</subfield>
    <subfield code="a">WIUC-1</subfield>
    <subfield code="b">WIUC-1</subfield>
    <subfield code="c">GEN</subfield>
    <subfield code="d">2012-03-05</subfield>
    <subfield code="l">0</subfield>
    <subfield code="o">HD31.M111</subfield>
    <subfield code="p">1341/12</subfield>
    <subfield code="r">2012-03-05 00:00:00</subfield>
    <subfield code="t">2</subfield>
    <subfield code="w">2012-03-05</subfield>
    <subfield code="y">BK</subfield>
  </datafield>
</record>
